<?xml version="1.0" encoding="UTF-8"?>
<record
    xmlns:xsi="http://www.w3.org/2001/XMLSchema-instance"
    xsi:schemaLocation="http://www.loc.gov/MARC21/slim http://www.loc.gov/standards/marcxml/schema/MARC21slim.xsd"
    xmlns="http://www.loc.gov/MARC21/slim">

  <leader>02694nam0a2200481   4500</leader>
  <controlfield tag="001">RU\NLR\bibl\270420</controlfield>
  <controlfield tag="005">20260407074145.0</controlfield>
  <datafield tag="010" ind1=" " ind2=" ">
    <subfield code="a">5-89221-027-8</subfield>
  </datafield>
  <datafield tag="021" ind1=" " ind2=" ">
    <subfield code="a">RU</subfield>
    <subfield code="b">2002-4291</subfield>
    <subfield code="9">204</subfield>
  </datafield>
  <datafield tag="035" ind1=" " ind2=" ">
    <subfield code="a">(NLR Aleph) 000265967</subfield>
  </datafield>
  <datafield tag="090" ind1=" " ind2=" ">
    <subfield code="a">1554360</subfield>
    <subfield code="c">1554360</subfield>
  </datafield>
  <datafield tag="100" ind1=" " ind2=" ">
    <subfield code="a">20020517d2000    |||y0rusy50      ca</subfield>
  </datafield>
  <datafield tag="101" ind1="0" ind2=" ">
    <subfield code="a">rus</subfield>
    <subfield code="a">eng</subfield>
  </datafield>
  <datafield tag="102" ind1=" " ind2=" ">
    <subfield code="a">RU</subfield>
  </datafield>
  <datafield tag="105" ind1=" " ind2=" ">
    <subfield code="a">y   |||||||||</subfield>
  </datafield>
  <datafield tag="200" ind1="1" ind2=" ">
    <subfield code="a">&#x418;&#x43D;&#x434;&#x43E;&#x43D;&#x435;&#x437;&#x438;&#x439;&#x441;&#x43A;&#x438;&#x439; &#x438; &#x43C;&#x430;&#x43B;&#x430;&#x439;&#x441;&#x43A;&#x438;&#x439; &#x43C;&#x438;&#x440; &#x432;&#x43E; &#x432;&#x442;&#x43E;&#x440;&#x43E;&#x43C; &#x442;&#x44B;&#x441;&#x44F;&#x447;&#x435;&#x43B;&#x435;&#x442;&#x438;&#x438;: &#x43E;&#x441;&#x43D;&#x43E;&#x432;&#x43D;&#x44B;&#x435; &#x432;&#x435;&#x445;&#x438; &#x440;&#x430;&#x437;&#x432;&#x438;&#x442;&#x438;&#x44F;</subfield>
    <subfield code="d">Indonesian and Malay world in the second millenium: milestones of development</subfield>
    <subfield code="e">&#x414;&#x43E;&#x43A;&#x43B;. &#x443;&#x447;&#x430;&#x441;&#x442;&#x43D;&#x438;&#x43A;&#x43E;&#x432; 11-&#x433;&#x43E; &#x415;&#x432;&#x440;&#x43E;&#x43F;. &#x43A;&#x43E;&#x43B;&#x43B;&#x43E;&#x43A;&#x432;&#x438;&#x443;&#x43C;&#x430; &#x43F;&#x43E; &#x438;&#x43D;&#x434;&#x43E;&#x43D;&#x435;&#x437;. &#x438; &#x43C;&#x430;&#x43B;&#x430;&#x439;&#x441;. &#x438;&#x441;&#x441;&#x43B;&#x435;&#x434;., &#x41C;&#x43E;&#x441;&#x43A;&#x432;&#x430;, 29 &#x438;&#x44E;&#x43D;&#x44F; - 1 &#x438;&#x44E;&#x43B;&#x44F; 1999 &#x433;.</subfield>
    <subfield code="f">[&#x420;&#x435;&#x434;&#x43A;&#x43E;&#x43B;.: &#x414;&#x43E;&#x440;&#x43E;&#x444;&#x435;&#x435;&#x432;&#x430; &#x422;.&#x412;. &#x438; &#x434;&#x440;.]</subfield>
    <subfield code="z">eng</subfield>
  </datafield>
  <datafield tag="210" ind1=" " ind2=" ">
    <subfield code="a">&#x41C;.</subfield>
    <subfield code="c">&#x413;&#x443;&#x43C;&#x430;&#x43D;&#x438;&#x442;&#x430;&#x440;&#x438;&#x439;</subfield>
    <subfield code="d">2000</subfield>
  </datafield>
  <datafield tag="215" ind1=" " ind2=" ">
    <subfield code="a">324 &#x441;.</subfield>
    <subfield code="d">21</subfield>
  </datafield>
  <datafield tag="300" ind1=" " ind2=" ">
    <subfield code="a">&#x41F;&#x430;&#x440;&#x430;&#x43B;. &#x437;&#x430;&#x433;&#x43B;. &#x442;&#x430;&#x43A;&#x436;&#x435; &#x43D;&#x430; &#x438;&#x43D;&#x434;&#x43E;&#x43D;&#x435;&#x437;. &#x44F;&#x437;.</subfield>
  </datafield>
  <datafield tag="300" ind1=" " ind2=" ">
    <subfield code="a">&#x412; &#x43D;&#x430;&#x434;&#x437;&#x430;&#x433;.: &#x418;&#x43D;-&#x442; &#x441;&#x442;&#x440;&#x430;&#x43D; &#x410;&#x437;&#x438;&#x438; &#x438; &#x410;&#x444;&#x440;&#x438;&#x43A;&#x438; &#x41C;&#x413;&#x423; &#x438;&#x43C;. &#x41C;.&#x412;. &#x41B;&#x43E;&#x43C;&#x43E;&#x43D;&#x43E;&#x441;&#x43E;&#x432;&#x430;, &#x41E;-&#x432;&#x43E; "&#x41D;&#x443;&#x441;&#x430;&#x43D;&#x442;&#x430;&#x440;&#x430;"</subfield>
  </datafield>
  <datafield tag="300" ind1=" " ind2=" ">
    <subfield code="a">&#x422;&#x435;&#x43A;&#x441;&#x442; &#x43D;&#x430; &#x440;&#x443;&#x441;., &#x430;&#x43D;&#x433;&#x43B;., &#x438;&#x43D;&#x434;&#x43E;&#x43D;&#x435;&#x437;. &#x44F;&#x437;.</subfield>
  </datafield>
  <datafield tag="320" ind1=" " ind2=" ">
    <subfield code="a">&#x411;&#x438;&#x431;&#x43B;&#x438;&#x43E;&#x433;&#x440;. &#x432; &#x43A;&#x43E;&#x43D;&#x446;&#x435; &#x434;&#x43E;&#x43A;&#x43B;.</subfield>
  </datafield>
  <datafield tag="510" ind1="1" ind2=" ">
    <subfield code="a">Indonesian and Malay world in the second millenium: milestones of development</subfield>
    <subfield code="z">eng</subfield>
  </datafield>
  <datafield tag="607" ind1=" " ind2=" ">
    <subfield code="a">&#x418;&#x43D;&#x434;&#x43E;&#x43D;&#x435;&#x437;&#x438;&#x44F;</subfield>
    <subfield code="j">&#x421;&#x44A;&#x435;&#x437;&#x434;&#x44B;, &#x441;&#x43E;&#x432;&#x435;&#x449;&#x430;&#x43D;&#x438;&#x44F; &#x438; &#x442;.&#x43F;.</subfield>
    <subfield code="x">&#x418;&#x441;&#x442;&#x43E;&#x440;&#x438;&#x44F;</subfield>
    <subfield code="z">20 &#x432;.</subfield>
    <subfield code="9">984516</subfield>
    <subfield code="3">RU\NLR\auth\6652773</subfield>
  </datafield>
  <datafield tag="607" ind1=" " ind2=" ">
    <subfield code="a">&#x41C;&#x430;&#x43B;&#x430;&#x439;&#x437;&#x438;&#x44F;</subfield>
    <subfield code="j">&#x421;&#x44A;&#x435;&#x437;&#x434;&#x44B;, &#x441;&#x43E;&#x432;&#x435;&#x449;&#x430;&#x43D;&#x438;&#x44F; &#x438; &#x442;.&#x43F;.</subfield>
    <subfield code="x">&#x418;&#x441;&#x442;&#x43E;&#x440;&#x438;&#x44F;</subfield>
    <subfield code="z">1945 -</subfield>
    <subfield code="9">2143396</subfield>
    <subfield code="3">RU\NLR\auth\661291603</subfield>
  </datafield>
  <datafield tag="610" ind1="0" ind2=" ">
    <subfield code="a">&#x421;&#x43E;&#x446;&#x438;&#x430;&#x43B;&#x44C;&#x43D;&#x43E;-&#x44D;&#x43A;&#x43E;&#x43D;&#x43E;&#x43C;&#x438;&#x447;&#x435;&#x441;&#x43A;&#x438;&#x435; &#x43F;&#x440;&#x43E;&#x431;&#x43B;&#x435;&#x43C;&#x44B; &#x440;&#x430;&#x437;&#x432;&#x438;&#x442;&#x438;&#x44F;</subfield>
  </datafield>
  <datafield tag="610" ind1="0" ind2=" ">
    <subfield code="a">&#x41A;&#x443;&#x43B;&#x44C;&#x442;&#x443;&#x440;&#x430; &#x43D;&#x430;&#x440;&#x43E;&#x434;&#x43E;&#x432; &#x418;&#x43D;&#x434;&#x43E;&#x43D;&#x435;&#x437;&#x438;&#x438;</subfield>
  </datafield>
  <datafield tag="610" ind1="0" ind2=" ">
    <subfield code="a">&#x41A;&#x443;&#x43B;&#x44C;&#x442;&#x443;&#x440;&#x430; &#x43D;&#x430;&#x440;&#x43E;&#x434;&#x43E;&#x432; &#x41C;&#x430;&#x43B;&#x430;&#x439;&#x437;&#x438;&#x438;</subfield>
  </datafield>
  <datafield tag="610" ind1="0" ind2=" ">
    <subfield code="a">&#x418;&#x43D;&#x434;&#x43E;&#x43D;&#x435;&#x437;&#x438;&#x44F;</subfield>
  </datafield>
  <datafield tag="610" ind1="0" ind2=" ">
    <subfield code="a">&#x41C;&#x430;&#x43B;&#x430;&#x439;&#x437;&#x438;&#x44F;, &#x43F;&#x43E;&#x43B;&#x438;&#x442;&#x438;&#x43A;&#x430;&#x43F;&#x43E;&#x43B;&#x438;&#x442;&#x438;&#x43A;&#x430;</subfield>
  </datafield>
  <datafield tag="675" ind1=" " ind2=" ">
    <subfield code="a">32(592+910)(082)</subfield>
    <subfield code="v">3</subfield>
    <subfield code="z">rus</subfield>
  </datafield>
  <datafield tag="686" ind1=" " ind2=" ">
    <subfield code="a">11</subfield>
    <subfield code="2">rugasnti</subfield>
  </datafield>
  <datafield tag="686" ind1=" " ind2=" ">
    <subfield code="a">66.2(0)</subfield>
    <subfield code="2">rubbk</subfield>
  </datafield>
  <datafield tag="686" ind1=" " ind2=" ">
    <subfield code="a">&#x422;3(5&#x418;&#x43D;)63&#x44F;431</subfield>
  </datafield>
  <datafield tag="686" ind1=" " ind2=" ">
    <subfield code="a">&#x422;3(5&#x41C;)63&#x44F;431</subfield>
  </datafield>
  <datafield tag="702" ind1=" " ind2="1">
    <subfield code="4">340</subfield>
    <subfield code="8">rus</subfield>
    <subfield code="7">ca</subfield>
    <subfield code="a">&#x414;&#x43E;&#x440;&#x43E;&#x444;&#x435;&#x435;&#x432;&#x430;</subfield>
    <subfield code="b">&#x422;. &#x412;.</subfield>
    <subfield code="f">1948-2012</subfield>
    <subfield code="g">&#x422;&#x430;&#x442;&#x44C;&#x44F;&#x43D;&#x430; &#x412;&#x430;&#x43B;&#x435;&#x440;&#x44C;&#x44F;&#x43D;&#x43E;&#x432;&#x43D;&#x430;</subfield>
    <subfield code="3">RU\NLR\auth\77125277</subfield>
    <subfield code="9">108202</subfield>
  </datafield>
  <datafield tag="711" ind1="1" ind2="2">
    <subfield code="a">&#x415;&#x432;&#x440;&#x43E;&#x43F;&#x435;&#x439;&#x441;&#x43A;&#x438;&#x439; &#x43A;&#x43E;&#x43B;&#x43B;&#x43E;&#x43A;&#x432;&#x438;&#x443;&#x43C; &#x43F;&#x43E; &#x438;&#x43D;&#x434;&#x43E;&#x43D;&#x435;&#x437;&#x438;&#x439;&#x441;&#x43A;&#x438;&#x43C; &#x438; &#x43C;&#x430;&#x43B;&#x430;&#x439;&#x441;&#x43A;&#x438;&#x43C; &#x438;&#x441;&#x441;&#x43B;&#x435;&#x434;&#x43E;&#x432;&#x430;&#x43D;&#x438;&#x44F;&#x43C;</subfield>
    <subfield code="d">11</subfield>
    <subfield code="f">1999</subfield>
    <subfield code="e">&#x41C;&#x43E;&#x441;&#x43A;&#x432;&#x430;</subfield>
    <subfield code="3">RU\NLR\AUTH\8810038175</subfield>
    <subfield code="9">575183</subfield>
  </datafield>
  <datafield tag="801" ind1=" " ind2="0">
    <subfield code="a">RU</subfield>
    <subfield code="b">RKP</subfield>
    <subfield code="c">20020517</subfield>
    <subfield code="g">PSBO</subfield>
  </datafield>
  <datafield tag="801" ind1=" " ind2="1">
    <subfield code="a">RU</subfield>
    <subfield code="b">RKP</subfield>
    <subfield code="c">20020517</subfield>
  </datafield>
  <datafield tag="801" ind1=" " ind2="2">
    <subfield code="a">RU</subfield>
    <subfield code="b">NLR</subfield>
    <subfield code="c">20130814</subfield>
    <subfield code="g">rcr</subfield>
  </datafield>
  <datafield tag="942" ind1=" " ind2=" ">
    <subfield code="c">BOOK</subfield>
  </datafield>
  <datafield tag="980" ind1=" " ind2=" ">
    <subfield code="a">NB</subfield>
  </datafield>
  <datafield tag="995" ind1=" " ind2=" ">
    <subfield code="5">2002-06-03</subfield>
    <subfield code="a">ad</subfield>
    <subfield code="b">NLR01</subfield>
    <subfield code="c">NLR01</subfield>
    <subfield code="e">RF8</subfield>
    <subfield code="f">1-482485</subfield>
    <subfield code="k">2002-3/13786</subfield>
    <subfield code="o">0</subfield>
    <subfield code="r">BOOK</subfield>
    <subfield code="s">2002313786_</subfield>
  </datafield>
  <datafield tag="995" ind1=" " ind2=" ">
    <subfield code="5">2002-06-03</subfield>
    <subfield code="a">ad</subfield>
    <subfield code="b">NLR01</subfield>
    <subfield code="c">NLR01</subfield>
    <subfield code="e">RF8</subfield>
    <subfield code="f">1-477721</subfield>
    <subfield code="k">2002-3/13786</subfield>
    <subfield code="o">0</subfield>
    <subfield code="r">BOOK</subfield>
    <subfield code="s">2002313786_</subfield>
  </datafield>
</record>
